Environmental engineering (Record no. 5357)

000 -LEADER
fixed length control field 00678nam a2200241 4500
001 - CONTROL NUMBER
control field 5357
003 - CONTROL NUMBER IDENTIFIER
control field BD-DhUET
008 - FIXED-LENGTH DATA ELEMENTS--GENERAL INFORMATION
fixed length control field 141126b xxu||||| |||| 00| 0 eng d
020 ## - INTERNATIONAL STANDARD BOOK NUMBER
International Standard Book Number 0071002316
040 ## - CATALOGING SOURCE
Transcribing agency 0
Modifying agency BD-DhUET
082 ## - DEWEY DECIMAL CLASSIFICATION NUMBER
Classification number 628
Item number PEA/1985
100 ## - MAIN ENTRY--PERSONAL NAME
Personal name Peavy, Howard S
245 ## - TITLE STATEMENT
Title Environmental engineering
250 ## - EDITION STATEMENT
Edition statement 1st ed.
260 ## - PUBLICATION, DISTRIBUTION, ETC. (IMPRINT)
Place of publication, distribution, etc. New york
Name of publisher, distributor, etc. McGraw-Hill
Date of publication, distribution, etc. 1985
300 ## - PHYSICAL DESCRIPTION
Extent xiv,699 p.+various paging
Other physical details ill.
490 ## - SERIES STATEMENT
Series statement McGraw-Hill series in water resources and environmental engineering
504 ## - BIBLIOGRAPHY, ETC. NOTE
Bibliography, etc Includes bibliographies
650 #0 - SUBJECT ADDED ENTRY--TOPICAL TERM
Topical term or geographic name as entry element Environmental engineering
700 ## - ADDED ENTRY--PERSONAL NAME
Personal name Rowe, Donald R.
700 ## - ADDED ENTRY--PERSONAL NAME
Personal name Tchobanoglous, George
942 ## - ADDED ENTRY ELEMENTS (KOHA)
Koha item type General Book
Holdings
Koha renewals Koha full call number Koha date last borrowed Koha date last seen Withdrawn status Koha normalized classification for sorting Source of classification or shelving scheme Koha issues (times borrowed) Not for loan Shelving location Copy number Location (home branch) Sublocation or collection (holding branch) Date acquired Lost status Price effective from Piece designation (barcode) Koha item type Damaged status
 628/PEA/19852023-12-102024-09-08 628PEA1985 9 Circulation section1Central Library, BUETCentral Library, BUET2014-11-26 2014-11-2681896General Book 
 628/PEA/19852024-03-162024-06-02 628PEA1985 10 Circulation section2Central Library, BUETCentral Library, BUET2014-11-26 2014-11-2681895General Book 
 628/PEA/1985 2015-06-18 628_000000000000000_PEA_1985   Reading section3Central Library, BUETCentral Library, BUET2015-06-18 2015-06-1888788Reading Item 
 628/PEA/1985 2015-06-18 628_000000000000000_PEA_1985   Reading section4Central Library, BUETCentral Library, BUET2015-06-18 2015-06-1887579Reading Item 
 628/PEA/19852020-03-162021-11-13 628_000000000000000_PEA_1985 2 Circulation section5Central Library, BUETCentral Library, BUET1991-10-28 2017-10-3181894General Book 
 628 PEA/1985 2024-12-01 628_000000000000000_PEA_1985   Rental sectionক-৫১Central Library, BUETCentral Library, BUET1991-10-28 2024-12-0181847Rental Item 
 628 PEA/1985 2024-12-01 628_000000000000000_PEA_1985   Rental sectionক-৭৮Central Library, BUETCentral Library, BUET1991-10-28 2024-12-0181874Rental Item 
 628 PEA/1985 2024-12-01 628_000000000000000_PEA_1985   Rental sectionক-৭৯Central Library, BUETCentral Library, BUET1991-10-28 2024-12-0181875Rental Item 
 628 PEA/1985 2024-12-01 628_000000000000000_PEA_1985   Rental sectionক-৮০Central Library, BUETCentral Library, BUET1991-10-28 2024-12-0181876Rental Item 
 628 PEA/1985 2024-12-01 628_000000000000000_PEA_1985   Rental sectionক-৮১Central Library, BUETCentral Library, BUET1991-10-28 2024-12-0181877Rental Item 
 628 PEA/1985 2024-12-01 628_000000000000000_PEA_1985   Rental sectionক-৮২Central Library, BUETCentral Library, BUET1991-10-28 2024-12-0181878Rental Item 
 628 PEA/1985 2024-12-01 628_000000000000000_PEA_1985   Rental sectionক-৮৩Central Library, BUETCentral Library, BUET1991-10-28 2024-12-0181879Rental Item 
 628 PEA/1985 2024-12-01 628_000000000000000_PEA_1985   Rental sectionক-৮৪Central Library, BUETCentral Library, BUET1991-10-28 2024-12-0181880Rental Item 
 628 PEA/1985 2024-12-01 628_000000000000000_PEA_1985   Rental sectionক-৮৫Central Library, BUETCentral Library, BUET1991-10-28 2024-12-0181881Rental Item 
 628 PEA/1985 2024-12-01 628_000000000000000_PEA_1985   Rental sectionক-৮৬Central Library, BUETCentral Library, BUET1991-10-28 2024-12-0181882Rental Item 
 628 PEA/1985 2024-12-01 628_000000000000000_PEA_1985   Rental sectionক-৮৭Central Library, BUETCentral Library, BUET1991-10-28 2024-12-0181883Rental Item 
 628 PEA/1985 2024-12-01 628_000000000000000_PEA_1985   Rental sectionক-৮৭Central Library, BUETCentral Library, BUET1991-10-28 2024-12-0181884Rental Item